都市圏を構成する自治体 (新潟大都市圏) - Statistics

General Stats
  • This quiz has been taken 103 times
  • The average score is 11 of 14
Answer Stats
分類 都道府県 所属 Answer % Correct
中心市 新潟県 新潟市
99%
周辺市町村 新潟県 三条市
94%
周辺市町村 新潟県 燕市
94%
周辺市町村 新潟県 新発田市
92%
周辺市町村 新潟県 村上市
85%
周辺市町村 新潟県 阿賀野市
84%
周辺市町村 新潟県 胎内市
83%
周辺市町村 新潟県 五泉市
81%
周辺市町村 新潟県 北蒲原郡 聖籠町
75%
周辺市町村 新潟県 西蒲原郡 弥彦村
75%
周辺市町村 新潟県 見附市
74%
周辺市町村 新潟県 加茂市
70%
周辺市町村 新潟県 東蒲原郡 阿賀町
70%
周辺市町村 新潟県 南蒲原郡 田上町
59%
No matching quizzes found
Score Distribution
Percent of People with Each Score
Percentile by Number Answered
Your Score History
You have not taken this quiz